[Event "Women's Speed Chess Q6"]
[Site "chess.com INT"]
[Date "2021.06.05"]
[Round "5"]
[White "Avramidou, Anastasia"]
[Black "Kotepalli, Sai Nirupama"]
[Result "1-0"]
[WhiteTitle "FM"]
[BlackTitle "WFM"]
[WhiteElo "2238"]
[BlackElo "1914"]
[WhiteFideId "4239873"]
[BlackFideId "5039444"]
[EventDate "2021.06.05"]

1. d4 g6 2. e4 Bg7 3. Nc3 d6 4. Be3 Nf6 5. Qd2 O-O 6. f3 e5 7. d5 Qe7 8. g4 h5
9. gxh5 Nxh5 10. O-O-O f5 11. exf5 Bxf5 12. Bd3 Nd7 13. Nge2 Qf7 14. Rdf1 Bh3
15. Rf2 Bf5 16. Rg1 Ndf6 17. Rfg2 Kh7 18. Ng3 Nxg3 19. Rxg3 Nh5 20. Rg5 Bf6 21.
Rxh5+ gxh5 22. Bxf5+ Kh8 23. Be6 Qh7 24. Ne4 Be7 25. Qg2 c6 26. Bg5 cxd5 27.
Bxd5 Rf5 28. Bxe7 Qxe7 29. Qg6 Raf8 30. Nxd6 R5f6 31. Qxh5+ Qh7 32. Qxh7+ Kxh7
33. Nc4 Re8 34. Be4+ Kh6 35. Rg3 b5 36. Ne3 Kh5 37. Ng4 Rf4 38. Nf2 Kh6 39. Nd3
Rf6 40. a3 a6 41. Kd2 a5 42. Ke3 Re7 43. Nf2 b4 44. Ng4+ Kh5 45. Nxf6+ Kh4 46.
Rg4+ Kh3 47. Nd5 Rd7 48. axb4 axb4 49. Rg5 Kxh2 50. Rxe5 Kg2 51. f4+ Kf1 52. f5
b3 53. cxb3 Ke1 54. Kf4 Kd1 55. f6 Kc1 56. Bf5 Rd8 57. b4 Kxb2 58. b5 Kb3 59. b6
Kc4 60. Be6 Kc5 61. f7 Kc6 62. Ne7+ Kxb6 63. Ng6 Kc6 64. f8=Q Rxf8+ 65. Nxf8 Kd6
66. Bc4 Kc7 67. Re6 Kb7 68. Ke5 Kc7 69. Kd5 Kb7 70. Kc5 Kb8 71. Re7 Kc8 72. Kd6
Kd8 73. Bb5 Kc8 74. Ba6+ Kd8 75. Bc8 Kxc8 76. Ne6 Kb8 77. Kc6 Ka8 78. Kb6 1-0

[Event "Women's Speed Chess Q6"]
[Site "chess.com INT"]
[Date "2021.06.05"]
[Round "6"]
[White "Bodnaruk, Anastasia"]
[Black "Sukandar, Irine Kharisma"]
[Result "1-0"]
[WhiteTitle "IM"]
[BlackTitle "IM"]
[WhiteElo "2446"]
[BlackElo "2413"]
[WhiteFideId "4181751"]
[BlackFideId "7101937"]
[EventDate "2021.06.05"]

1. e4 e5 2. Nf3 d6 3. d4 exd4 4. Nxd4 Nf6 5. Nc3 Be7 6. Bc4 O-O 7. O-O Re8 8.
Re1 h6 9. h3 Nc6 10. Nxc6 bxc6 11. Bb3 Bf8 12. Bf4 Rb8 13. Qd3 Nd7 14. Qg3 Qf6
15. Rad1 Nc5 16. e5 dxe5 17. Bxe5 Qe7 18. Re3 Ne6 19. f4 Qc5 20. Ne4 1-0

[Event "Women's Speed Chess Q6"]
[Site "chess.com INT"]
[Date "2021.06.05"]
[Round "6"]
[White "Gaponenko, Inna"]
[Black "Priyanka, K"]
[Result "1-0"]
[WhiteTitle "IM"]
[BlackTitle "WIM"]
[WhiteElo "2357"]
[BlackElo "2218"]
[WhiteFideId "14101181"]
[BlackFideId "5082986"]
[EventDate "2021.06.05"]

1. e4 c5 2. c3 Nf6 3. e5 Nd5 4. Bc4 e6 5. Nf3 Nc6 6. d4 cxd4 7. cxd4 d6 8. O-O
Be7 9. Qe2 O-O 10. Bd2 b6 11. Nc3 Nxc3 12. Bxc3 Bb7 13. Rad1 Qc7 14. d5 exd5 15.
Bxd5 dxe5 16. Nxe5 Rfe8 17. Bxf7+ Kh8 18. Bxe8 Rxe8 19. Nf7+ Kg8 20. Qe6 Kf8 21.
Rd7 Qc8 22. Ng5 Nd8 23. Nxh7# 1-0

[Event "Women's Speed Chess Q6"]
[Site "chess.com INT"]
[Date "2021.06.05"]
[Round "6"]
[White "Komiagina, Maria"]
[Black "Vu, Bui Thi Thanh Van"]
[Result "1-0"]
[WhiteTitle "WIM"]
[BlackTitle "WFM"]
[WhiteElo "2241"]
[BlackElo "1750"]
[WhiteFideId "4153987"]
[BlackFideId "12408921"]
[EventDate "2021.06.05"]

1. e4 e6 2. d4 d5 3. exd5 exd5 4. c4 Nf6 5. Nf3 Nbd7 6. Nc3 dxc4 7. Bxc4 Nb6 8.
Bb3 Be7 9. O-O c6 10. Ne5 O-O 11. Bf4 Nbd5 12. Bg3 Be6 13. Qf3 Qb6 14. Rad1 Rad8
15. Rfe1 Nxc3 16. bxc3 Bxb3 17. axb3 Nd5 18. b4 Bf6 19. Ng4 Rde8 20. Bd6 Rxe1+
21. Rxe1 Rc8 22. Qf5 Qd8 23. Nxf6+ Qxf6 24. Qxc8+ 1-0

[Event "Women's Speed Chess Q6"]
[Site "chess.com INT"]
[Date "2021.06.05"]
[Round "6"]
[White "Sikorova, Olga"]
[Black "Ribeiro, Regina"]
[Result "1-0"]
[WhiteTitle "WGM"]
[BlackTitle "WIM"]
[WhiteElo "2215"]
[BlackElo "1920"]
[WhiteFideId "307033"]
[BlackFideId "2100681"]
[EventDate "2021.06.05"]

1. c4 Nf6 2. g3 g6 3. Bg2 Bg7 4. Nc3 e6 5. e4 c5 6. Nge2 d6 7. O-O Nc6 8. d3 a6
9. h3 Bd7 10. Be3 Rb8 11. Qd2 b5 12. b3 b4 13. Na4 h5 14. d4 cxd4 15. Nxd4 Nxd4
16. Bxd4 Bxa4 17. bxa4 e5 18. Be3 a5 19. a3 Qc7 20. axb4 Rxb4 21. c5 dxc5 22.
Rfd1 O-O 23. Qd6 Rc8 24. Qxc7 Rxc7 25. Rd8+ Kh7 26. Ra8 Nxe4 27. Rxa5 Nc3 28.
Bxc5 Rb1+ 29. Rxb1 Nxb1 30. Bd6 Rc1+ 31. Kh2 f5 32. Bxe5 1-0

[Event "Women's Speed Chess Q6"]
[Site "chess.com INT"]
[Date "2021.06.05"]
[Round "6"]
[White "Kabanova, Ekaterina"]
[Black "Selkirk, Rebecca"]
[Result "1-0"]
[WhiteTitle "WFM"]
[BlackTitle "WCM"]
[WhiteElo "2138"]
[BlackElo "1799"]
[WhiteFideId "24112917"]
[BlackFideId "14306514"]
[EventDate "2021.06.05"]

1. c4 c6 2. e3 d5 3. a3 e5 4. Qc2 Nf6 5. d3 Bf5 6. Nd2 Be7 7. Be2 O-O 8. Ngf3
Nbd7 9. b4 b6 10. Bb2 Qc7 11. cxd5 Nxd5 12. e4 Nf4 13. exf5 Rfd8 14. g3 Nd5 15.
Rc1 Rac8 16. Qb3 N7f6 17. Ne4 Qb7 18. Bxe5 h6 19. O-O Ng4 20. Ba1 Ngf6 21. Ne5
Qb8 22. Bf3 Bd6 23. Nxf6+ Nxf6 24. Qxf7+ Kh8 25. Ng6+ Kh7 26. Bxf6 1-0

[Event "Women's Speed Chess Q6"]
[Site "chess.com INT"]
[Date "2021.06.05"]
[Round "6"]
[White "Kashlinskaya, Alina"]
[Black "Avramidou, Anastasia"]
[Result "1-0"]
[WhiteTitle "IM"]
[BlackTitle "FM"]
[WhiteElo "2494"]
[BlackElo "2238"]
[WhiteFideId "4198026"]
[BlackFideId "4239873"]
[EventDate "2021.06.05"]

1. d4 Nf6 2. c4 g6 3. Nc3 d5 4. Bg5 Ne4 5. Bf4 Nxc3 6. bxc3 Bg7 7. e3 O-O 8. Nf3
c5 9. cxd5 Qxd5 10. Be2 Nc6 11. O-O cxd4 12. cxd4 Bg4 13. h3 Bf5 14. Qb3 Qxb3
15. axb3 Be6 16. Bc4 Bxc4 17. bxc4 a5 18. Rfb1 Nb4 19. Ra4 Rfc8 20. Nd2 f6 21.
c5 e5 22. Bg3 exd4 23. exd4 f5 24. Nc4 Ra6 25. Rxa5 Nd5 26. Rxb7 Rxa5 27. Nxa5
f4 28. Bh4 Bxd4 29. c6 h6 30. Rd7 1-0

[Event "Women's Speed Chess Q6"]
[Site "chess.com INT"]
[Date "2021.06.05"]
[Round "6"]
[White "Zakirova, Aisha"]
[Black "Varney, Zoe"]
[Result "1-0"]
[WhiteTitle "WCM"]
[BlackTitle "WCM"]
[WhiteElo "1585"]
[BlackElo "1917"]
[WhiteFideId "13719734"]
[BlackFideId "436135"]
[EventDate "2021.06.05"]

1. d4 d5 2. c4 c6 3. Nc3 Nf6 4. Nf3 e6 5. e3 Bd6 6. Qc2 Nbd7 7. Bd3 O-O 8. O-O
dxc4 9. Bxc4 b5 10. Bd3 Bb7 11. Rd1 Qc7 12. Bd2 e5 13. dxe5 Nxe5 14. Nxe5 Bxe5
15. h3 a6 16. Ne4 Nxe4 17. Bxe4 f5 18. Bxf5 c5 19. Bc3 Bh2+ 20. Kh1 Rae8 21. Rd7
Bxg2+ 22. Kxg2 Qc6+ 23. Kxh2 Rf7 24. Bxh7+ Kf8 25. Bxg7+ Kxg7 26. Rg1+ Kh8 27.
Rxf7 Qd6+ 28. Rf4 Rf8 29. Qc3+ Kxh7 30. Qg7# 1-0

[Event "Women's Speed Chess Q6"]
[Site "chess.com INT"]
[Date "2021.06.05"]
[Round "6"]
[White "Agrest, Inna"]
[Black "Nguyen, Thi Mai Hung"]
[Result "1-0"]
[WhiteTitle "WIM"]
[BlackTitle "WGM"]
[WhiteElo "2285"]
[BlackElo "2254"]
[WhiteFideId "1708830"]
[BlackFideId "12401676"]
[EventDate "2021.06.05"]

1. e4 e6 2. d4 d5 3. Nc3 Nf6 4. Bg5 dxe4 5. Nxe4 Nbd7 6. Nf3 h6 7. Nxf6+ Nxf6 8.
Bxf6 Qxf6 9. Bb5+ c6 10. Bd3 Bd6 11. Qe2 O-O 12. O-O-O Rd8 13. Kb1 a5 14. g4 Bf4
15. h4 a4 16. g5 hxg5 17. hxg5 Bxg5 18. Nxg5 Qxg5 19. Rh5 Qf6 20. Rdh1 Kf8 21.
c3 Bd7 22. a3 b6 23. Qg4 Rac8 24. f4 c5 25. d5 c4 26. d6 g6 27. Rh8+ Qxh8 28.
Rxh8+ Kg7 29. Rxd8 Rxd8 30. Bxc4 Bc6 31. Qg5 f6 32. Qg3 Rxd6 33. f5 Rd1+ 34. Kc2 1-0

[Event "Women's Speed Chess Q6"]
[Site "chess.com INT"]
[Date "2021.06.05"]
[Round "6"]
[White "Socko, Monika"]
[Black "Cori T., Deysi"]
[Result "1-0"]
[WhiteTitle "GM"]
[BlackTitle "WGM"]
[WhiteElo "2393"]
[BlackElo "2388"]
[WhiteFideId "1106619"]
[BlackFideId "3801934"]
[EventDate "2021.06.05"]

1. d4 Nf6 2. c4 g6 3. Nf3 Bg7 4. g3 O-O 5. Bg2 c6 6. O-O d5 7. Nbd2 Na6 8. b3
Ne4 9. Bb2 Bf5 10. Rc1 Qa5 11. a3 Rfe8 12. b4 Qd8 13. cxd5 cxd5 14. Nb3 b6 15.
e3 Qd6 16. Qe2 Nc7 17. Ne5 a5 18. Rc6 Qd8 19. Rfc1 Na6 20. bxa5 Bxe5 21. dxe5
Nac5 22. Nxc5 Nxc5 23. axb6 Nd3 24. Rd1 Qd7 25. Rc3 Nxe5 26. Rxd5 Qe6 27. b7
Rab8 28. Rc8 Nc6 29. Rxf5 gxf5 30. Rxc6 Qb3 31. Rc4 Red8 32. h4 1-0

[Event "Women's Speed Chess Q6"]
[Site "chess.com INT"]
[Date "2021.06.05"]
[Round "6"]
[White "Tania, Sachdev"]
[Black "Arpita, Mukherjee"]
[Result "1-0"]
[WhiteTitle "IM"]
[BlackTitle "WIM"]
[WhiteElo "2392"]
[BlackElo "2206"]
[WhiteFideId "5007844"]
[BlackFideId "5056403"]
[EventDate "2021.06.05"]

1. d4 Nf6 2. c4 g6 3. Nc3 Bg7 4. e4 d6 5. f3 O-O 6. Nge2 c5 7. d5 Nbd7 8. Ng3
Ne5 9. Be2 h5 10. O-O h4 11. Nh1 e6 12. f4 Ned7 13. dxe6 fxe6 14. Qxd6 Ne8 15.
Qxe6+ Kh8 16. Qxg6 Bd4+ 17. Nf2 Ng7 18. Nd5 Nf6 19. Qh6+ Kg8 20. Qxh4 Nxe4 21.
Qxd8 Rxd8 22. Ne3 Nxf2 23. Kxf2 Re8 24. Rd1 Nf5 25. Rxd4 Nxd4 26. Bh5 Rf8 27.
Nd5 Be6 28. Nc7 Rad8 29. Nxe6 Nxe6 30. g3 Rd4 31. Bf3 Rxc4 32. Bd5 Rc2+ 33. Kf3
Kf7 34. f5 Ke7 35. Bxe6 Rd8 36. Bg5+ 1-0

[Event "Women's Speed Chess Q6"]
[Site "chess.com INT"]
[Date "2021.06.05"]
[Round "6"]
[White "Dauletova, Gulmira"]
[Black "Nemcova, Katerina"]
[Result "1-0"]
[WhiteTitle "WGM"]
[BlackTitle "WGM"]
[WhiteElo "2257"]
[BlackElo "2331"]
[WhiteFideId "13702971"]
[BlackFideId "322750"]
[EventDate "2021.06.05"]

1. e4 e5 2. Nf3 d6 3. d4 exd4 4. Nxd4 Nf6 5. Nc3 g6 6. g3 Bg7 7. Bg2 O-O 8. O-O
Re8 9. h3 Nc6 10. Be3 Bd7 11. f4 Qc8 12. Kh2 Re7 13. Qd2 Na5 14. Qd3 Nc6 15.
Rae1 Qe8 16. a3 a6 17. Bg1 h5 18. Bf2 Kh7 19. Nf3 Kg8 20. Ng5 Nd8 21. Nd5 Nxd5
22. exd5 Bf5 23. Qb3 Qd7 24. c4 Bf6 25. Ne4 Bg7 26. c5 Rb8 27. c6 Qc8 28. Nxd6
cxd6 29. Rxe7 bxc6 30. Qc4 Rxb2 31. dxc6 Rc2 32. Qd5 Bf8 33. Re8 Be6 34. Qxd6 1-0

[Event "Women's Speed Chess Q6"]
[Site "chess.com INT"]
[Date "2021.06.05"]
[Round "6"]
[White "Golubenko, Valentina"]
[Black "Gevorgyan, Maria"]
[Result "0-1"]
[WhiteTitle "WGM"]
[BlackTitle "WGM"]
[WhiteElo "2209"]
[BlackElo "2219"]
[WhiteFideId "4501993"]
[BlackFideId "13300270"]
[EventDate "2021.06.05"]

1. d4 Nf6 2. g3 g6 3. Bg2 Bg7 4. c4 c5 5. d5 e6 6. Nc3 exd5 7. cxd5 d6 8. Nf3
O-O 9. O-O a6 10. a4 Re8 11. Bf4 Ne4 12. Nxe4 Rxe4 13. Qc2 Rb4 14. Ra2 Qe7 15.
Bd2 Bf5 16. Qc1 Rb3 17. Re1 a5 18. e4 Bg4 19. Bg5 Qc7 20. Nd2 Rb4 21. Nc4 Nd7
22. Be7 Rxc4 23. Qxc4 Ne5 24. Bxd6 Qxd6 25. Qb5 Bf3 26. Ra3 Bxg2 27. Kxg2 c4 28.
f4 Nd3 29. Re2 Nxb2 30. Rae3 Qb4 31. Qd7 Nd1 32. Rf3 c3 33. e5 Qc4 34. Rc2 Qe4
35. Ra2 Ne3+ 36. Kf2 c2 37. e6 Ng4+ 38. Kg2 Qe2+ 0-1

[Event "Women's Speed Chess Q6"]
[Site "chess.com INT"]
[Date "2021.06.05"]
[Round "6"]
[White "Eswaran, Ashritha"]
[Black "Nguyen, Hong Anh"]
[Result "1-0"]
[WhiteTitle "WIM"]
[BlackTitle "WIM"]
[WhiteElo "2244"]
[BlackElo "1993"]
[WhiteFideId "2080788"]
[BlackFideId "12406732"]
[EventDate "2021.06.05"]

1. e4 c5 2. Nf3 Nc6 3. d4 cxd4 4. Nxd4 g6 5. c4 Nf6 6. Nc3 d6 7. Be3 Ng4 8. Nxc6
bxc6 9. Bc1 Qb6 10. Qc2 Bg7 11. h3 Ne5 12. Be3 Qb8 13. Be2 O-O 14. f4 Nd7 15.
O-O Nf6 16. Bf3 Ba6 17. b3 Qc8 18. Rad1 Rd8 19. Rfe1 e6 20. c5 d5 21. exd5 cxd5
22. Bd4 Ne8 23. b4 Qb8 24. Bxg7 Nxg7 25. a3 Qxf4 26. b5 Bc8 27. c6 Nf5 28. Bxd5
Ne3 29. Qe2 Nxd1 30. Rxd1 Qf6 31. c7 exd5 32. cxd8=Q+ Qxd8 33. Rxd5 Qf6 34. Qe8+
Kg7 35. Rd8 Qb6+ 36. Kh1 Qf2 37. Qf8+ Kf6 38. Ne4+ 1-0

[Event "Women's Speed Chess Q6"]
[Site "chess.com INT"]
[Date "2021.06.05"]
[Round "6"]
[White "Pourkashiyan, Atousa"]
[Black "Varshini, V"]
[Result "1-0"]
[WhiteTitle "WGM"]
[BlackTitle "WGM"]
[WhiteElo "2322"]
[BlackElo "2226"]
[WhiteFideId "12502014"]
[BlackFideId "5091241"]
[EventDate "2021.06.05"]

1. e4 c5 2. Nf3 d6 3. d4 cxd4 4. Nxd4 Nf6 5. Nc3 a6 6. Be2 e6 7. O-O Be7 8. f4
Qc7 9. Be3 O-O 10. a4 b6 11. Bd3 Nbd7 12. Qf3 Bb7 13. Rae1 Nc5 14. Kh1 d5 15. e5
Nfe4 16. Bxe4 Nxe4 17. Nxe4 dxe4 18. Qg3 Bc5 19. f5 Bxd4 20. f6 g6 21. Bxd4 Qxc2
22. Qe3 Kh8 23. Qh6 Rg8 24. Re3 g5 25. Kg1 b5 26. a5 Rad8 27. Rc3 Qe2 28. Rh3 1-0

[Event "Women's Speed Chess Q6"]
[Site "chess.com INT"]
[Date "2021.06.05"]
[Round "6"]
[White "Von Herman, Brigitte"]
[Black "Ziegenfuss, Antonia"]
[Result "0-1"]
[WhiteTitle "WFM"]
[BlackTitle "WFM"]
[WhiteElo "1991"]
[BlackElo "2157"]
[WhiteFideId "4628730"]
[BlackFideId "12962554"]
[EventDate "2021.06.05"]

1. e4 c5 2. c3 Nf6 3. e5 Nd5 4. d4 cxd4 5. Nf3 e6 6. cxd4 b6 7. Nc3 Nxc3 8. bxc3
Qc7 9. Bd2 d6 10. Bd3 Bb7 11. Qe2 Nd7 12. O-O Be7 13. exd6 Bxd6 14. h3 O-O 15.
Rfe1 Rfd8 16. Rad1 Rac8 17. Bb1 Bf4 18. Qd3 Nf6 19. Rc1 Bxd2 20. Nxd2 Qf4 21.
Qe3 Nd5 22. Qd3 g6 23. Re4 Qf6 24. Rg4 Nf4 25. Qg3 Ne2+ 26. Kh2 Nxg3 27. Rxg3
Qf4 28. Rd1 Rxc3 29. Nf1 Rxg3 30. fxg3 Qf2 31. Rd2 Qxf1 32. Bd3 Qf6 33. Be2 Rxd4
34. Rc2 Qf2 35. Bd3 Qe3 36. Bf1 Rd2 37. Rxd2 Qxd2 38. Kg1 Qe3+ 39. Kh1 Qf2 40.
Bb5 Qxg2# 0-1

[Event "Women's Speed Chess Q6"]
[Site "chess.com INT"]
[Date "2021.06.05"]
[Round "6"]
[White "Li, Xueyi"]
[Black "Morris-Suzuki, Sophie"]
[Result "0-1"]
[WhiteTitle "WGM"]
[BlackTitle "WFM"]
[WhiteElo "2303"]
[BlackElo "2043"]
[WhiteFideId "8605912"]
[BlackFideId "30922615"]
[EventDate "2021.06.05"]

1. d4 Nf6 2. Nf3 e6 3. g3 d5 4. Bg2 Be7 5. c4 O-O 6. O-O dxc4 7. Qc2 a6 8. a4
Bd7 9. Rd1 Bc6 10. Nc3 Nbd7 11. e4 b5 12. d5 exd5 13. exd5 Bb7 14. axb5 axb5 15.
Rxa8 Bxa8 16. Nd4 b4 17. Nc6 Bxc6 18. dxc6 bxc3 19. bxc3 Bd6 20. cxd7 Nxd7 21.
Be3 Qe7 22. h4 h6 23. Bd4 c5 24. Be3 Ne5 25. Qe4 Re8 26. Qd5 Nd3 27. Qxc4 Nb2
28. Qb3 Nxd1 29. Qxd1 Bxg3 30. fxg3 Qxe3+ 31. Kh2 Qxc3 32. Qd7 Qe5 33. Qc6 Rd8
34. Kh3 Qe6+ 35. Qxe6 fxe6 36. Kg4 c4 0-1

[Event "Women's Speed Chess Q6"]
[Site "chess.com INT"]
[Date "2021.06.05"]
[Round "6"]
[White "Novikova, Anna"]
[Black "Antolak, Julia"]
[Result "0-1"]
[WhiteTitle "WIM"]
[BlackTitle "WIM"]
[WhiteElo "2247"]
[BlackElo "2309"]
[WhiteFideId "4146794"]
[BlackFideId "1159569"]
[EventDate "2021.06.05"]

1. e4 c5 2. Nf3 e6 3. d4 cxd4 4. Nxd4 Nf6 5. Nc3 d6 6. Bg5 Be7 7. f4 h6 8. Bh4
a6 9. Qf3 Nc6 10. O-O-O Nxd4 11. Rxd4 Qc7 12. g4 b5 13. Bg2 Bb7 14. Rhd1 Rc8 15.
a3 O-O 16. g5 hxg5 17. fxg5 Nd7 18. Qh5 g6 19. Qh6 Rfe8 20. Bg3 Ne5 21. Bxe5
dxe5 22. R4d3 Bf8 23. Qh4 Bg7 24. Rd7 Qb6 25. Rf1 Rf8 26. Qg3 Rcd8 27. Rxd8 Rxd8
28. Qf3 Qc7 29. h4 Rc8 30. h5 gxh5 31. Qxh5 a5 32. g6 f6 33. Qh6 Bxh6+ 34. Kb1
b4 35. axb4 axb4 36. Na4 Qxc2+ 37. Ka2 Qxa4+ 38. Kb1 Qc2+ 0-1

[Event "Women's Speed Chess Q6"]
[Site "chess.com INT"]
[Date "2021.06.05"]
[Round "6"]
[White "Balabayeva, Xeniya"]
[Black "Vantika, Agrawal"]
[Result "0-1"]
[WhiteTitle "WFM"]
[BlackTitle "WIM"]
[WhiteElo "2116"]
[BlackElo "2286"]
[WhiteFideId "13719688"]
[BlackFideId "25050389"]
[EventDate "2021.06.05"]

1. e4 c5 2. Nf3 d6 3. Bb5+ Nd7 4. Ba4 a6 5. c4 Nf6 6. Nc3 e6 7. O-O Be7 8. d4
cxd4 9. Qxd4 O-O 10. Rd1 Qc7 11. Be3 b6 12. Rac1 Bb7 13. Bc2 Rac8 14. Qd2 Nc5
15. Bxc5 Qxc5 16. Bd3 Nd7 17. a3 Ne5 18. Nxe5 Qxe5 19. f4 Qh5 20. Kh1 e5 21. Nd5
Bxd5 22. cxd5 exf4 23. Bxa6 Rxc1 24. Rxc1 f3 25. Rf1 fxg2+ 26. Qxg2 Kh8 27. Be2
Qh6 28. Bg4 Bf6 29. h3 Be5 30. b4 Qe3 31. Qf3 Qd2 32. Rf2 Qc1+ 0-1

[Event "Women's Speed Chess Q6"]
[Site "chess.com INT"]
[Date "2021.06.05"]
[Round "6"]
[White "Berend, Elvira"]
[Black "Ambartsumova, Karina"]
[Result "1-0"]
[WhiteTitle "WGM"]
[BlackTitle "IM"]
[WhiteElo "2326"]
[BlackElo "2382"]
[WhiteFideId "4000510"]
[BlackFideId "4166299"]
[EventDate "2021.06.05"]

1. e4 c5 2. Nf3 e6 3. d4 cxd4 4. Nxd4 a6 5. Nc3 Qc7 6. Be3 Nf6 7. Bd3 Nc6 8. h3
Ne5 9. O-O Bc5 10. Qe2 d6 11. Nb3 Bxe3 12. Qxe3 O-O 13. f4 Nxd3 14. cxd3 b5 15.
Rac1 Qe7 16. e5 Nd5 17. Nxd5 exd5 18. Nd4 dxe5 19. fxe5 Be6 20. Kh1 Rac8 21. Qf4
Qd7 22. Nf3 h6 23. Rxc8 Rxc8 24. Rc1 Rxc1+ 25. Qxc1 Bxh3 26. gxh3 Qxh3+ 27. Nh2
Qxd3 28. Qc8+ Kh7 29. Qc3 Qe4+ 30. Kg1 d4 31. Qf3 Qxe5 32. Qxf7 d3 33. Nf3 Qe3+
34. Kg2 Qe4 35. Kg3 b4 36. Qh5 d2 37. Ng5+ Kg8 38. Qf7+ Kh8 39. Qf8# 1-0

[Event "Women's Speed Chess Q6"]
[Site "chess.com INT"]
[Date "2021.06.05"]
[Round "6"]
[White "Szente Varga, Fruzsina"]
[Black "Luong, Phuong Hanh"]
[Result "1-0"]
[WhiteTitle "WFM"]
[BlackTitle "WIM"]
[WhiteElo "2100"]
[BlackElo "2229"]
[WhiteFideId "712264"]
[BlackFideId "12401013"]
[EventDate "2021.06.05"]

1. e4 c5 2. Nf3 e6 3. b3 a6 4. Bb2 Nc6 5. g3 Qc7 6. Bg2 Nf6 7. e5 Ng4 8. Qe2 h5
9. h3 Nh6 10. O-O g6 11. d3 Bg7 12. Nbd2 O-O 13. Rae1 Nf5 14. g4 hxg4 15. hxg4
Nfd4 16. Nxd4 cxd4 17. f4 d6 18. Nf3 dxe5 19. fxe5 Bd7 20. Bh1 Rac8 21. Qh2 Qd8
22. Bc1 f6 23. exf6 Bxf6 24. Qh6 Ne7 25. Ng5 Bxg5 26. Bxg5 Qc7 27. Bxe7 Qg3+ 28.
Bg2 Rf7 29. Rxf7 Qxe1+ 30. Rf1 Qe3+ 31. Qxe3 dxe3 32. c4 b5 33. Be4 bxc4 34.
bxc4 e5 35. g5 Bg4 36. Bd5+ Kg7 37. Rf7+ Kh8 38. Bf6+ Kg8 39. Rc7+ Kf8 40. Rh7
Ke8 41. Rh8+ Kd7 42. Rxc8 Kxc8 43. Kf1 Kd7 44. Bxe5 a5 45. d4 a4 46. Bf4 e2+ 47.
Ke1 Ke7 48. c5 a3 49. Bb3 Kd8 50. d5 Kd7 51. c6+ Kc8 52. d6 Kd8 53. Bc4 Bf5 54.
c7+ Kd7 55. Ba6 Kc6 56. c8=Q+ 1-0

[Event "Women's Speed Chess Q6"]
[Site "chess.com INT"]
[Date "2021.06.05"]
[Round "6"]
[White "Grigoryan, Meri"]
[Black "Mohota, Nisha"]
[Result "0-1"]
[WhiteTitle "WFM"]
[BlackTitle "IM"]
[WhiteElo "2044"]
[BlackElo "2195"]
[WhiteFideId "13300571"]
[BlackFideId "5004330"]
[EventDate "2021.06.05"]

1. d4 Nf6 2. Nf3 d5 3. Bf4 c5 4. e3 Nc6 5. c3 Qb6 6. Qb3 c4 7. Qc2 Bf5 8. Qc1 e6
9. Nbd2 h6 10. Ne5 Nh5 11. Bg3 Nxg3 12. hxg3 Nxe5 13. dxe5 Qc7 14. f4 Bc5 15.
Nf3 b5 16. Nd4 Bxd4 17. exd4 a5 18. Be2 b4 19. Bf3 Rb8 20. g4 Bd3 21. g5 Kd7 22.
gxh6 Rxh6 23. Rxh6 gxh6 24. Kf2 Qb6 25. b3 cxb3 26. axb3 Rc8 27. Qd2 Rxc3 28.
Rc1 Qxd4+ 29. Kg3 Rxc1 30. Qxc1 Qc3 31. Qe3 d4 32. Qf2 Be4 33. Kh2 Bxf3 34. gxf3
a4 35. Qh4 axb3 36. Qf6 Qc2+ 37. Kh3 Qf5+ 0-1

[Event "Women's Speed Chess Q6"]
[Site "chess.com INT"]
[Date "2021.06.05"]
[Round "6"]
[White "Vo, Thi Kim Phung"]
[Black "Steil-Antoni, Fiona"]
[Result "1-0"]
[WhiteTitle "WGM"]
[BlackTitle "WIM"]
[WhiteElo "2335"]
[BlackElo "2129"]
[WhiteFideId "12401838"]
[BlackFideId "4001249"]
[EventDate "2021.06.05"]

1. d4 d6 2. Nf3 Bg4 3. e4 Nf6 4. Bd3 Nbd7 5. h3 Bxf3 6. Qxf3 e5 7. c3 Be7 8. O-O
O-O 9. Nd2 c6 10. Nb3 a5 11. a4 Qb6 12. Bc2 Rfe8 13. Be3 Qc7 14. Rfe1 Bf8 15.
Bg5 h6 16. Bd2 g6 17. Rad1 Bg7 18. Bc1 Re7 19. Qd3 Rae8 20. dxe5 dxe5 21. Qd6
Qxd6 22. Rxd6 Ra8 23. Red1 Bf8 24. Be3 Kg7 25. g3 Ree8 26. Rxd7 Nxd7 27. Rxd7 b5
28. Nc5 bxa4 29. Bxa4 Rab8 30. b3 Rbd8 31. Rc7 Rd1+ 32. Kg2 Bxc5 33. Bxc5 Rd3
34. c4 Re6 35. Bxc6 Rxb3 36. Bd5 Rf6 37. Be7 1-0

[Event "Women's Speed Chess Q6"]
[Site "chess.com INT"]
[Date "2021.06.05"]
[Round "6"]
[White "Padmini, Rout"]
[Black "Sviridova, Vlada"]
[Result "1-0"]
[WhiteTitle "IM"]
[BlackTitle "WFM"]
[WhiteElo "2370"]
[BlackElo "2144"]
[WhiteFideId "5029295"]
[BlackFideId "24109606"]
[EventDate "2021.06.05"]

1. e4 e6 2. d4 d5 3. Nc3 Bb4 4. e5 c5 5. a3 Bxc3+ 6. bxc3 Ne7 7. Nf3 b6 8. h4
Qc7 9. Bd2 h6 10. h5 Ba6 11. Bxa6 Nxa6 12. Nh4 Rc8 13. Qg4 Rg8 14. O-O Qd7 15.
Rac1 cxd4 16. cxd4 Rc4 17. c3 Nb8 18. f4 Nbc6 19. Qe2 Nf5 20. Nxf5 exf5 21. g4
Ne7 22. g5 Qe6 23. Kf2 Kd7 24. Rg1 Qc6 25. gxh6 gxh6 26. Rxg8 Nxg8 27. Rg1 Ne7
28. Qf3 Ke6 29. Qh3 Qb5 30. Qh4 Qb2 31. Ke2 Kd7 32. Qf6 Qxa3 33. Rg7 b5 34. Rxf7
a5 35. e6+ Kd8 36. Qe5 Rc6 37. Rf8# 1-0